| 000 | 01003cab a2200265 4500 | ||
|---|---|---|---|
| 001 | ABS46854 | ||
| 008 | 090401t1992 xxu||||| |||| 00| 0 eng d | ||
| 035 | _a(Sirsi) u59755 | ||
| 041 | _aeng | ||
| 245 | _aAuctions | ||
| 260 | _c1992 | ||
| 350 | _a0 | ||
| 490 |
_aEstates Times _v(1156) 21/28 August 1992, 11-15(5) |
||
| 520 | _aWith turnover in commercial auctions down by 50% on this time last year and only repossessions boosting the volume of lots, this "Estate Times" survey provides a market analysis, a report on JLW`s joint auction with a US firm, an introduction to the new auction departments of Clive Lewis and Partners and Chesterton and guidance for auctioneers from the RICS and the ISVA. | ||
| 650 | _aAUCTIONEERS | ||
| 650 | _aCHESTERTON | ||
| 650 | _aCLIVE LEWIS AND PARTNERS | ||
| 650 | _aJONES LANG WOOTTON | ||
| 650 | _aKENNEDY-WILSON | ||
| 650 | _aREPOSSESSIONS | ||
| 650 | _aUNITED STATES | ||
| 690 |
_aAuctioneering _96218 |
||
| 942 | _n0 | ||
| 948 | _c04/03/1997 | ||
| 999 |
_c36723 _d36723 |
||